1417 1989 1679 1777 1736 1159 1022 1308 1772 1531 1560 1397 1404 1119 1577 1126 1343 1351 1718 1288 1518 1844 1984 1361 1705 1670 1756 1747 1552 1444 1631 1123 1685 1996 1601 1855 1731 1660 1851 1469 1913 1821 1206 1828 1432 1888 1841 1036 1484 1928 1316 1205 1481 1762 1887 1888 1370 1467 1275 1334 1566 1771 1231 1933 1840 1802 1642 1202 1873 1454 1194 1558 1050 1140 1319 1032 1696 1292 1611 1644 1084 1606 1452 1849 1772 1083 1646 1530 1666 1021 1145 1870 1857 1768 1386 1918 1857 1196 1332 BCNSPRNW ULIB Ver.6.0+V

เปลี่ยนเป็นภาษาไทย

Change to English
 แสดงรายละเอียดบรรณานุกรม
  กลับหน้าหลัก

Brief Record : Get Marc (ISO 2709) : E-mail record : QR code < ปิดหน้าต่าง
LEADER : 00000nam 2200000uu 4500
001    13399127711
003     ULIB
008    210421s2561||||th 000 0 tha d
020    ^a9786164370227^c250
050    ^aนว^bป17น
100 0  ^aประชาคม ลุนาลัย
245 10 ^aในกับดักและกลางวงล้อม /^cประชาคม ลุนาชัย
260    ^aนนทบุรี :^bศรีปัญญา,^c2561
300    ^a296 หน้า
945    ^p250^l0^i008036
999    ^aประนอม เกษจรัล
รายการนี้ยังไม่มีแท็ก
คุณยังไม่ได้ล็อกอิน คุณสามารถมีกิจกรรมร่วมกับเว็บไซต์ได้ แต่ต้องล็อกอินก่อน ::
  ล็อกอิน

รายการสื่อสารสนเทศ

ลำดับที่ ประเภท เลขเรียก/บาร์โค้ด สถานที่ สถานะ
1. นวนิยาย
นวนิยาย
นว ป17น ฉ.1 
  Barcode: 008036
ห้องสมุดวิทยาเขตสวรรค์ประชารักษ์
►หนังสือทั่วไป
บนชั้น

BibComment


ยังไม่เคยถูกคอมเมนท์

คอมเมนท์ทรัพยากรรายการนี้
  คอมเมนท์: ในกับดักและกลางว..


 Copyright 2026. Bcnsprnw @Library